000 01140nam0a22003011 4500
001 rc\3947355
005 20250611033309.0
021 _aRU
_b[48-17035]
035 _a(NLR Aleph) 008042176
090 _a8888304
_c8888304
100 _a20130415d1948 |||y0rusy50 ca
101 0 _arus
102 _aRU
105 _aab z |||||
200 1 _aЗасуха и борьба с ней в степи Украины
210 _a[Одесса]
_cОдес. обл. изд-во
_d1948
_gОбл. тип.
215 _a162 с.
_cил., карт.
_d25
300 _aПеред загл. авт.: проф. А.А. Вербин, д-р с.-х. наук
320 _aБиблиогр.: с. 159-161
606 _aАгротехника
_yСтепная зона Украинской ССР
_2psbo
606 _aПочвы
_yСтепная зона Украинской ССР
_2psbo
606 _aЗасуха
_yСтепная зона Украинской ССР
_2psbo
700 1 _aВербин
_bА.А.
_gАким Акимович
801 0 _aRU
_bNLR
_gpsbo
801 1 _aRU
_bELAR
_2rusmarc
852 _aNLR
_jС30 Г-7/6
942 _cBOOK
980 _aNB